| 000 | 00385nam a2200157Ia 4500 | ||
|---|---|---|---|
| 005 | 20260417150916.0 | ||
| 008 | 260417s9999||||xx |||||||||||||| ||und|| | ||
| 020 | _a9781009109611 | ||
| 041 | _aeng | ||
| 100 | _aFox | ||
| 245 | 0 | _aFacing death across cultures | |
| 260 |
_bCambridge, Cambridge, _c2025 |
||
| 650 | _aPsychology | ||
| 856 | _u10.1017/9781009109611 | ||
| 942 | _cE-BOOK | ||
| 999 |
_c50655 _d50655 |
||